Statistics for Chess Pieces (With Board and Pictures!)

Click here to take the quiz!

General Stats

  • This quiz has been taken 29,556 times
  • The average score is 6 of 6

Answer Stats

Piece % Correct
King
100%
Queen
100%
Knight
93%
Pawn
93%
Bishop
89%
Rook
87%

Score Distribution

Percentile by Number Answered

Percent of People with Each Score

Your Score History

You have not taken this quiz